000
00313nam a22001337a 4500
008
180920b xxu||||| |||| 00| 0 eng d
020
_a
9780781750332
041
_a
eng
080
_a
610
100
_a
3
101
_a
SHM
245
_a
Concise Textbook Of Clinical Phychiatry
_c
Sadock B.J
942
_2
udc
_c
BK
999
_c
48122
_d
48122